[Event "SLO-chT qual"]
[Site "Kranj"]
[Date "1995.??.??"]
[Round "?"]
[White "Cebular, D."]
[Black "Luznik, Marjan"]
[Result "1-0"]
[WhiteElo "2010"]
[BlackElo "2000"]
[PlyCount "74"]
[EventDate "1995.??.??"]
[EventType "team"]
[EventRounds "4"]
[EventCountry "SLO"]
[SourceTitle "EXT 1998"]
[Source "ChessBase"]
[SourceDate "1997.11.17"]
[SourceVersion "1"]
[SourceVersionDate "1997.11.17"]
[SourceQuality "1"]

1. Nf3 e6 2. d4 d5 3. c4 Nf6 4. Nc3 Be7 5. Bf4 c6 6. cxd5 exd5 7. Qc2 h6 8. e4 dxe4 9. Nxe4 Nxe4 10. Qxe4 0-0 11. Be2 Bb4+ 12. Nd2 Re8 13. Qd3 b6 14. 0-0 Ba6 15. Nc4 Nd7 16. Bf3 Rc8 17. Qb3 Be7 18. Bh5 Bxc4 19. Qxc4 Rf8 20. Rfe1 Nf6 21. Bf3 Nd5 22. Bg3 Bd6 23. Be5 Ne7 24. Rad1 Rc7 25. Be4 Kh8 26. Bb1 Qd7 27. Qc1 Kg8 28. Re3 Rd8 29. Rde1 Rf8 30. Rg3 Bxe5 31. Rxe5 Qxd4 32. Re4 Qd6 33. Reg4 g5 34. h4 f5 35. Rxg5+ hxg5 36. Qxg5+ Ng6 37. Bc2 Rf6 1-0